000
00353nam a2200157Ia 4500
008
191201s2010 xx 000 0 und d
020
_a
9789355326461
082
_a
629.892 SAR
100
_a
SAHA,S.K
245
0
_a
Introduction to Robotics
250
_a
Rep
260
_a
N. Delhi
_b
TMH
_c
2010
300
_a
576
650
_a
(ME)
942
_2
ddc
_c
BK
999
_c
13211
_d
13211